000 01687nam a2200445 i 4500
001 ELB115003
003 FINmELB
005 20250326043044.0
006 m o u
007 cr cn|||||||||
008 200229s2016 ec o 000 0 spa d
020 _a9789942063458
_q(e-book)
035 _a(OCoLC) 1142923120
040 _aFINmELB
_bspa
_erda
_cFINmELB
050 4 _aHB701
_bC7581 2016
080 _a347
082 0 _a346.04
_223
245 0 0 _aConstitución económica en Latinoamérica :
_bbreves ensayos sobre el derecho a la propiedad y la iniciativa privada /
_cClaudia Storini, Rafael Lara González, editores.
264 1 _aQuito :
_bCorporación de Estudios y Publicaciones,
_c2016.
300 _a1 recurso en línea (371 páginas)
336 _atexto
_btxt
_2rdacontent/spa
337 _acomputadora
_bc
_2rdamedia/spa
338 _arecurso en línea
_bcr
_2rdacarrier/spa
588 _aDescripción basada en metadatos suministrados por el editor y otras fuentes.
590 _aRecurso electrónico. Santa Fe, Arg.: elibro, 2020. Disponible vía World Wide Web. El acceso puede estar limitado para las bibliotecas afiliadas a elibro.
650 0 _aProperty.
650 4 _aPropiedad.
650 4 _aEconomía.
651 0 _aLatin America
_xEconomic conditions.
651 4 _aAmérica Latina.
655 4 _aLibros electrónicos.
700 1 _aLara González, Rafael,
_eeditor.
700 1 _aStorini, Claudia,
_eeditor.
797 2 _aelibro, Corp.
856 4 0 _uhttps://elibro.net/ereader/usam/115003
999 _c139689
_d139689